000 00613nam a2200241 a 4500
003 AR-BaBNM
005 20251128204257.0
008 082120s2002 ||||||||||||||000 | spa||
040 _cAR-BaBNM
100 1 _aSatanowsky, Isidro
245 0 0 _aDerecho intelectual
250 _a1ª ed.
260 _aBuenos Aires
_bTipográfica Editora Argentina
_c1954
300 _a665 p.
650 4 _aDERECHOS CIVILES Y POLITICOS
650 4 _aDERECHOS DE AUTOR
650 4 _aDERECHOS DE AUTOR
650 4 _aPROPIEDAD INTELECTUAL
650 4 _aLEGISLACION
651 4 _aArgentina
942 _cBK
998 _cCarmen
999 _c6825
_d6825